000 00775nam a2200241 a 4500
001 BRCA_2817
005 20190320204001.0
008 091208s1963----nyua---###---#000-0#eng-u
050 4 _aN510
_b.B53 1963
100 1 _aBiddle, James
_97903
245 1 0 _aAmerican art from American collections
_cby James Biddle.
260 _aNew York
_bThe Metropolitan Museum of Art
_c1963
300 _axii, 114 p.
_bil.
_c27 cm.
500 _aIncluye lista de créditos de fotos por autor.
500 _aAA108
650 1 4 _aArte colonial
_97904
650 1 4 _aColeccionistas y colecciones
_97905
650 1 4 _aArte
_xColecciones particulares
_97906
650 1 4 _aArte
_zEstados Unidos
_97806
710 2 _aMetropolitan Museum of Art (Nueva York)
_97537
902 _aGFM
942 _2lcc
_cB
999 _c2557
_d2557